[Event "6. Obert Internacional Masdenverge 2017"]
[Site "Masdenverge ESP"]
[Date "2017.06.30"]
[Round "1.1"]
[White "Jordan Martinez, Miguel"]
[Black "Donate Peris, Jose Manuel"]
[Result "1-0"]
[WhiteElo "2161"]
[BlackElo "1554"]
[PlyCount "57"]
[EventDate "2017.06.30"]
[EventType "swiss"]
[EventRounds "7"]
[EventCountry "ESP"]
[SourceTitle "Ajedrez en Madrid"]
[Source "lmi"]
[SourceDate "2017.06.30"]
[SourceVersion "1"]
[SourceVersionDate "2018.04.15"]
[SourceQuality "1"]

1. e4 c5 2. Nf3 g6 3. d4 cxd4 4. Qxd4 Nf6 5. c4 Nc6 6. Qd3 e5 7. Nc3 Bg7 8. Be2
O-O 9. h4 h5 10. Bg5 Qb6 11. Qd2 Ng4 12. O-O f6 13. Nd5 Qd8 14. Be3 Nxe3 15.
Qxe3 Ne7 16. Nc3 f5 17. Rad1 b6 18. Qd3 Rb8 19. Qd6 Bb7 20. Nxe5 Bxe5 21. Qxe5
fxe4 22. Nxe4 Nf5 23. g3 Qe8 24. Nf6+ Rxf6 25. Qxf6 Nxg3 26. fxg3 Qe3+ 27. Rf2
Bc6 28. Qxg6+ Kh8 29. Qxh5+ 1-0

[Event "6. Obert Internacional Masdenverge 2017"]
[Site "Masdenverge ESP"]
[Date "2017.06.30"]
[Round "1.2"]
[White "Lavernia Marco, Marc"]
[Black "Accensi Estrada, Miguel Angel"]
[Result "1/2-1/2"]
[WhiteElo "1545"]
[BlackElo "2159"]
[PlyCount "97"]
[EventDate "2017.06.30"]
[EventType "swiss"]
[EventRounds "7"]
[EventCountry "ESP"]
[SourceTitle "Ajedrez en Madrid"]
[Source "lmi"]
[SourceDate "2017.06.30"]
[SourceVersion "1"]
[SourceVersionDate "2018.04.15"]
[SourceQuality "1"]

1. e4 c5 2. c4 Nc6 3. Ne2 Nf6 4. Nbc3 e6 5. d3 d5 6. exd5 exd5 7. Bg5 Be7 8. g3
Bg4 9. Bg2 d4 10. Bxf6 Bxf6 11. Nd5 O-O 12. O-O Re8 13. f3 Bd7 14. Re1 Be5 15.
a3 Bd6 16. Qc2 Rb8 17. Rab1 Qa5 18. b4 cxb4 19. axb4 Nxb4 20. Nxb4 Bxb4 21. Ra1
Qe5 22. Reb1 a5 23. Ra2 Qe3+ 24. Kf1 Bc6 25. f4 Re6 26. Bxc6 Rxc6 27. Kg2 Re8
28. Rf1 Rce6 29. Qd1 Rd6 30. Rf3 Qe7 31. Ng1 Qd7 32. Rf1 Re3 33. Re2 Rde6 34.
Rf3 Qc6 35. Kf2 Bc5 36. Ra2 b6 37. Qa4 Qxa4 38. Rxa4 Rxf3+ 39. Nxf3 Re3 40. Ne5
f6 41. Nd7 Bb4 42. Nxb6 Rxd3 43. Nd5 Rd2+ 44. Kf3 Bc3 45. c5 Bb4 46. Nxb4 axb4
47. Rxb4 Rc2 48. Rxd4 Rxc5 49. Rd2 1/2-1/2

[Event "6. Obert Internacional Masdenverge 2017"]
[Site "Masdenverge ESP"]
[Date "2017.06.30"]
[Round "1.3"]
[White "Garcia Amoros, Pablo"]
[Black "Altabas Felipo, Enoc"]
[Result "1-0"]
[WhiteElo "2146"]
[BlackElo "1543"]
[PlyCount "67"]
[EventDate "2017.06.30"]
[EventType "swiss"]
[EventRounds "7"]
[EventCountry "ESP"]
[SourceTitle "Ajedrez en Madrid"]
[Source "lmi"]
[SourceDate "2017.06.30"]
[SourceVersion "1"]
[SourceVersionDate "2018.04.15"]
[SourceQuality "1"]

1. e4 e5 2. Nf3 d6 3. d4 f5 4. exf5 e4 5. Qe2 Bxf5 6. Qb5+ Nd7 7. Qxf5 exf3 8.
Qxf3 c6 9. Bd3 Qf6 10. Qxf6 Ngxf6 11. O-O O-O-O 12. c4 g6 13. Nc3 Bg7 14. Bf4
Nb6 15. h3 Rhf8 16. Rfe1 Nh5 17. Bg5 Nf4 18. Bf1 Rd7 19. Rad1 Rdf7 20. Ne4 Kc7
21. c5 Nc8 22. cxd6+ Nxd6 23. Nc5 Re8 24. Rxe8 Nxe8 25. Bxf4+ Kc8 26. Be5 Bxe5
27. dxe5 Re7 28. f4 g5 29. g3 Rg7 30. f5 h5 31. Be2 g4 32. hxg4 hxg4 33. Rd4
Rg5 34. Bxg4 1-0

[Event "6. Obert Internacional Masdenverge 2017"]
[Site "Masdenverge ESP"]
[Date "2017.06.30"]
[Round "1.5"]
[White "Asensio Linan, Teodoro"]
[Black "Sanchez Gilabert, Andrea"]
[Result "1-0"]
[WhiteElo "2104"]
[BlackElo "1503"]
[PlyCount "55"]
[EventDate "2017.06.30"]
[EventType "swiss"]
[EventRounds "7"]
[EventCountry "ESP"]
[SourceTitle "Ajedrez en Madrid"]
[Source "lmi"]
[SourceDate "2017.06.30"]
[SourceVersion "1"]
[SourceVersionDate "2018.04.15"]
[SourceQuality "1"]

1. e4 c5 2. Nf3 e6 3. c4 Nc6 4. Be2 Qc7 5. Nc3 Nf6 6. O-O Be7 7. d4 O-O 8. d5
exd5 9. exd5 Ne5 10. Nxe5 Qxe5 11. Bf3 Re8 12. Re1 Qf5 13. Nb5 Bd8 14. Rxe8+
Nxe8 15. Qe2 Kf8 16. Qxe8+ Kxe8 17. Nd6+ Kf8 18. Nxf5 Bf6 19. Bf4 b6 20. Re1
Bb7 21. Nd6 Ba6 22. b3 h6 23. Bg4 Rd8 24. Bh5 Be7 25. Nxf7 Rc8 26. Nxh6 gxh6
27. Bxh6+ Kg8 28. Rxe7 1-0

[Event "6. Obert Internacional Masdenverge 2017"]
[Site "Masdenverge ESP"]
[Date "2017.06.30"]
[Round "1.6"]
[White "Reinaldos Reinaldos, Sonia"]
[Black "Jordan Martinez, David"]
[Result "0-1"]
[WhiteElo "1493"]
[BlackElo "2096"]
[PlyCount "60"]
[EventDate "2017.06.30"]
[EventType "swiss"]
[EventRounds "7"]
[EventCountry "ESP"]
[SourceTitle "Ajedrez en Madrid"]
[Source "lmi"]
[SourceDate "2017.06.30"]
[SourceVersion "1"]
[SourceVersionDate "2018.04.15"]
[SourceQuality "1"]

1. b3 e5 2. Bb2 Nc6 3. e3 Nf6 4. Ne2 d5 5. Ng3 Bd6 6. Bb5 h5 7. Nc3 h4 8. Nge2
h3 9. g3 Bg4 10. d4 e4 11. Qd2 Bf3 12. Rf1 a6 13. Bxc6+ bxc6 14. O-O-O Ng4 15.
Rde1 Nxh2 16. Rg1 Ng4 17. Nf4 g5 18. Nxh3 Rxh3 19. Ne2 Rh2 20. Rgf1 Nxf2 21.
Ng1 Nd3+ 22. cxd3 Rxd2 23. Kxd2 Bxg3 24. Rc1 Bg2 25. Rf5 exd3 26. Nf3 Bxf3 27.
Rxf3 Bd6 28. Rh3 Qf6 29. Rxc6 Qf2+ 30. Kc3 Qc2# 0-1

[Event "6. Obert Internacional Masdenverge 2017"]
[Site "Masdenverge ESP"]
[Date "2017.06.30"]
[Round "1.7"]
[White "Buch Prades, Joan"]
[Black "Salvado Garcia, Marc"]
[Result "1-0"]
[WhiteElo "2077"]
[BlackElo "1487"]
[PlyCount "67"]
[EventDate "2017.06.30"]
[EventType "swiss"]
[EventRounds "7"]
[EventCountry "ESP"]
[SourceTitle "Ajedrez en Madrid"]
[Source "lmi"]
[SourceDate "2017.06.30"]
[SourceVersion "1"]
[SourceVersionDate "2018.04.15"]
[SourceQuality "1"]

1. d4 d5 2. c4 c6 3. Nf3 Nf6 4. Nc3 e6 5. cxd5 cxd5 6. Bg5 h6 7. Bh4 Be7 8. e3
O-O 9. Bd3 Nbd7 10. O-O Re8 11. Rc1 a6 12. Bb1 b5 13. Qd3 Bb7 14. Ne5 Nf8 15.
a3 Rc8 16. Bxf6 Bxf6 17. f4 Be7 18. Rf3 Bd6 19. Rcf1 f5 20. g4 fxg4 21. Nxg4
Rc7 22. Rg3 Qh4 23. Ne5 Qd8 24. Ne2 g5 25. Kh1 Ree7 26. fxg5 hxg5 27. Nf4 Bxe5
28. dxe5 Rg7 29. Nh5 Rg6 30. Rxf8+ Kxf8 31. Rf3+ Ke7 32. Qxg6 Rc1+ 33. Kg2 d4
34. Qf7# 1-0

[Event "6. Obert Internacional Masdenverge 2017"]
[Site "Masdenverge ESP"]
[Date "2017.06.30"]
[Round "1.8"]
[White "Viñals Del Campo, Hugo"]
[Black "Lorca Cortada, David"]
[Result "0-1"]
[WhiteElo "1484"]
[BlackElo "2056"]
[PlyCount "70"]
[EventDate "2017.06.30"]
[EventType "swiss"]
[EventRounds "7"]
[EventCountry "ESP"]
[SourceTitle "Ajedrez en Madrid"]
[Source "lmi"]
[SourceDate "2017.06.30"]
[SourceVersion "1"]
[SourceVersionDate "2018.04.15"]
[SourceQuality "1"]

1. e4 c5 2. Nc3 e6 3. f4 a6 4. Nf3 d6 5. g3 Nf6 6. Bg2 Be7 7. d3 Nc6 8. O-O Qc7
9. Be3 O-O 10. Bf2 b5 11. h3 Bb7 12. g4 Rfd8 13. Qe1 Rac8 14. Ne2 d5 15. e5 Nd7
16. Bh4 d4 17. Bxe7 Nxe7 18. Ng5 Nd5 19. Be4 Nf8 20. Bxd5 Bxd5 21. Qd2 h6 22.
Nf3 Qb7 23. Nh4 Ng6 24. Nxg6 fxg6 25. Rae1 Bg2 26. Kh2 Bxf1 27. Rxf1 c4 28. Qb4
cxd3 29. cxd3 Qd5 30. Rc1 Qf3 31. Qd2 Qf2+ 32. Kh1 Rxc1+ 33. Qxc1 Qxe2 34. Qc6
Qf1+ 35. Kh2 Qxf4+ 0-1

[Event "6. Obert Internacional Masdenverge 2017"]
[Site "Masdenverge ESP"]
[Date "2017.06.30"]
[Round "1.9"]
[White "Molano Lafuente, Ismael"]
[Black "Canetti Ramon, Isaac"]
[Result "1-0"]
[WhiteElo "2005"]
[BlackElo "1463"]
[PlyCount "89"]
[EventDate "2017.06.30"]
[EventType "swiss"]
[EventRounds "7"]
[EventCountry "ESP"]
[SourceTitle "Ajedrez en Madrid"]
[Source "lmi"]
[SourceDate "2017.06.30"]
[SourceVersion "1"]
[SourceVersionDate "2018.04.15"]
[SourceQuality "1"]

1. f4 d5 2. Nf3 Nc6 3. e3 Nf6 4. b3 Bf5 5. Bb2 e6 6. Bb5 a6 7. Bxc6+ bxc6 8.
Nd4 Qd7 9. Nxf5 exf5 10. Bxf6 gxf6 11. Qe2 c5 12. Nc3 Be7 13. O-O Qd6 14. Qd3
d4 15. Na4 dxe3 16. Qxe3 Qd4 17. Rae1 Qxe3+ 18. Rxe3 Kf8 19. Rff3 Rd8 20. Rd3
Rxd3 21. Rxd3 Bd6 22. g3 h5 23. h4 Rg8 24. Kf2 Ke7 25. Rc3 Rd8 26. d3 Rb8 27.
Nxc5 Rb5 28. Na4 Kd7 29. Rc4 a5 30. Nc3 Rb4 31. d4 Rxc4 32. bxc4 c5 33. d5 Kc7
34. Nb5+ Kd7 35. Nxd6 Kxd6 36. Ke2 Kc7 37. Kd3 Kb6 38. Kc3 Kc7 39. Kb3 Kb7 40.
Ka4 Kb6 41. d6 Kc6 42. Kxa5 Kxd6 43. Kb6 Kd7 44. Kb7 Kd6 45. a4 1-0

[Event "6. Obert Internacional Masdenverge 2017"]
[Site "Masdenverge ESP"]
[Date "2017.06.30"]
[Round "1.10"]
[White "Sanz Ortiz, Joaquim"]
[Black "Benaiges Fontanet, German"]
[Result "1-0"]
[WhiteElo "1460"]
[BlackElo "1986"]
[PlyCount "109"]
[EventDate "2017.06.30"]
[EventType "swiss"]
[EventRounds "7"]
[EventCountry "ESP"]
[SourceTitle "Ajedrez en Madrid"]
[Source "lmi"]
[SourceDate "2017.06.30"]
[SourceVersion "1"]
[SourceVersionDate "2018.04.15"]
[SourceQuality "1"]

1. d4 Nf6 2. e3 d5 3. Bd3 c6 4. f4 Bg4 5. Nf3 e6 6. O-O Bd6 7. b3 Nbd7 8. Ba3
Bxa3 9. Nxa3 Ne4 10. Nb1 O-O 11. Nbd2 Ndf6 12. Qe1 Qb6 13. Ne5 Nxd2 14. Qxd2
Bf5 15. Be2 h5 16. c4 Qd8 17. Qe1 g6 18. Qg3 Ne4 19. Qe1 Kg7 20. Nf3 Qe7 21.
Nh4 Rh8 22. Nxf5+ exf5 23. c5 Rae8 24. Rd1 Nf6 25. Rd3 Ng4 26. Rf3 Qd8 27. h3
Nf6 28. Rg3 Ne4 29. Rf3 h4 30. b4 f6 31. Ra3 a6 32. Rb3 Ng3 33. Bd1 Qd7 34. a4
Rhf8 35. Bc2 Kh8 36. Bd3 g5 37. Qf2 g4 38. Rxg3 hxg3 39. Qxg3 Kg7 40. b5 axb5
41. axb5 Rh8 42. Be2 Kf7 43. hxg4 fxg4 44. Bxg4 f5 45. Be2 Reg8 46. Qf3 Rh6 47.
bxc6 bxc6 48. Ba6 Kf6 49. Rb6 Ra8 50. Qg3 Qe8 51. Qg5+ Kf7 52. Qxh6 Qxe3+ 53.
Kh1 Qc1+ 54. Kh2 Rh8 55. Rb7+ 1-0

[Event "6. Obert Internacional Masdenverge 2017"]
[Site "Masdenverge ESP"]
[Date "2017.06.30"]
[Round "2.1"]
[White "Roig Sales, Carlos"]
[Black "Jordan Martinez, Miguel"]
[Result "0-1"]
[WhiteElo "1780"]
[BlackElo "2161"]
[PlyCount "56"]
[EventDate "2017.06.30"]
[EventType "swiss"]
[EventRounds "7"]
[EventCountry "ESP"]
[SourceTitle "Ajedrez en Madrid"]
[Source "lmi"]
[SourceDate "2017.06.30"]
[SourceVersion "1"]
[SourceVersionDate "2018.04.15"]
[SourceQuality "1"]

1. d4 Nf6 2. c4 g6 3. Nf3 Bg7 4. g3 O-O 5. Bg2 d6 6. O-O Nbd7 7. Nc3 c6 8. e4
e5 9. d5 c5 10. a3 Ne8 11. b4 h6 12. Ne1 f5 13. f3 cxb4 14. axb4 Qb6+ 15. Kh1
Qxb4 16. Nb5 Qxc4 17. Rxa7 Rxa7 18. Nxa7 fxe4 19. Nxc8 Qxc8 20. fxe4 Rxf1+ 21.
Bxf1 Nef6 22. Bg2 Qc4 23. Ba3 Nxe4 24. Qb1 Ndc5 25. Bxc5 Nxc5 26. Qxg6 Qc1 27.
Bh3 Qxe1+ 28. Bf1 Qxf1# 0-1

[Event "6. Obert Internacional Masdenverge 2017"]
[Site "Masdenverge ESP"]
[Date "2017.06.30"]
[Round "2.2"]
[White "Subirats Barbera, Eladi"]
[Black "Garcia Amoros, Pablo"]
[Result "1/2-1/2"]
[WhiteElo "1777"]
[BlackElo "2146"]
[PlyCount "86"]
[EventDate "2017.06.30"]
[EventType "swiss"]
[EventRounds "7"]
[EventCountry "ESP"]
[SourceTitle "Ajedrez en Madrid"]
[Source "lmi"]
[SourceDate "2017.06.30"]
[SourceVersion "1"]
[SourceVersionDate "2018.04.15"]
[SourceQuality "1"]

1. d4 Nf6 2. Nf3 d6 3. Bf4 g6 4. c3 Bg7 5. e3 O-O 6. Be2 Nbd7 7. Nbd2 Qe8 8. e4
e5 9. dxe5 dxe5 10. Bg3 Nh5 11. Qc2 Nb6 12. Nh4 Nxg3 13. hxg3 Be6 14. Nhf3 f6
15. Nb3 Qa4 16. Nfd2 Rfd8 17. Bd3 Bf8 18. f4 Qd7 19. Be2 a5 20. Rd1 a4 21. Nc1
exf4 22. gxf4 c6 23. Nf3 Qc7 24. e5 Nd5 25. Qd2 fxe5 26. fxe5 Bc5 27. Bd3 Ne3
28. Qe2 Nxd1 29. Kxd1 b5 30. Ng5 Qc8 31. Nxh7 Rf8 32. Nxf8 Bg4 33. Nxg6 Bxe2+
34. Nxe2 Kg7 35. Rh7+ Kxh7 36. Ne7+ Kh6 37. Nxc8 Rxc8 38. Bf5 Rf8 39. g4 Re8
40. e6 Kg5 41. Kc2 Rd8 42. Nd4 Bxd4 43. cxd4 Kf6 1/2-1/2

[Event "6. Obert Internacional Masdenverge 2017"]
[Site "Masdenverge ESP"]
[Date "2017.06.30"]
[Round "2.3"]
[White "Fernandez Alonso, Miguel Angel"]
[Black "Caballero Gomez-Casero, Emilio"]
[Result "1-0"]
[WhiteElo "2104"]
[BlackElo "1780"]
[PlyCount "97"]
[EventDate "2017.06.30"]
[EventType "swiss"]
[EventRounds "7"]
[EventCountry "ESP"]
[SourceTitle "Ajedrez en Madrid"]
[Source "lmi"]
[SourceDate "2017.06.30"]
[SourceVersion "1"]
[SourceVersionDate "2018.04.15"]
[SourceQuality "1"]

1. d4 Nf6 2. c4 g6 3. Nc3 Bg7 4. e4 d6 5. h3 O-O 6. Bg5 Nc6 7. d5 Ne5 8. f4
Ned7 9. Nf3 Nh5 10. Qd2 Ng3 11. Rg1 Bxc3 12. Qxc3 Nxe4 13. Qe3 Nxg5 14. Nxg5 c6
15. dxc6 Qa5+ 16. Kf2 bxc6 17. Be2 Rb8 18. b3 Qc5 19. Bf3 Qxe3+ 20. Kxe3 h6 21.
Ne4 Bb7 22. Nc3 e5 23. Rad1 exf4+ 24. Kxf4 d5 25. cxd5 cxd5 26. Nxd5 Bxd5 27.
Bxd5 Nf6 28. Bc4 Rbd8 29. Rge1 Nh5+ 30. Kf3 Nf6 31. Rxd8 Rxd8 32. Re7 Rd7 33.
Bxf7+ Kg7 34. Rxd7 Nxd7 35. Bc4 Kf6 36. Ke4 Kg5 37. g3 Nf6+ 38. Kf3 Nd7 39. h4+
Kf6 40. Ke4 g5 41. Kd5 gxh4 42. gxh4 Kf5 43. Kd6 Nf6 44. Ke7 Nh5 45. Be6+ Kf4
46. b4 Kg3 47. b5 Kxh4 48. a4 Nf4 49. a5 1-0

[Event "6. Obert Internacional Masdenverge 2017"]
[Site "Masdenverge ESP"]
[Date "2017.06.30"]
[Round "2.4"]
[White "Gargallo Catalan, Oscar"]
[Black "Asensio Linan, Teodoro"]
[Result "0-1"]
[WhiteElo "1757"]
[BlackElo "2104"]
[PlyCount "52"]
[EventDate "2017.06.30"]
[EventType "swiss"]
[EventRounds "7"]
[EventCountry "ESP"]
[SourceTitle "Ajedrez en Madrid"]
[Source "lmi"]
[SourceDate "2017.06.30"]
[SourceVersion "1"]
[SourceVersionDate "2018.04.15"]
[SourceQuality "1"]

1. d4 d5 2. c4 e6 3. Nf3 Nf6 4. g3 dxc4 5. Bg2 Nc6 6. O-O Be7 7. Nc3 Rb8 8. a4
O-O 9. Bf4 Nd5 10. Ne5 Nxf4 11. Bxc6 Nh3+ 12. Kg2 bxc6 13. Kxh3 Rxb2 14. Qc1
Rb3 15. e3 f6 16. Nxc6 e5+ 17. Kg2 Bb7 18. d5 Bxc6 19. dxc6 Qd3 20. Nb5 a6 21.
Rd1 Qe4+ 22. f3 Qxc6 23. Na3 c3 24. Nc2 Rb2 25. Rd3 Rfb8 26. e4 Rxc2+ 0-1

[Event "6. Obert Internacional Masdenverge 2017"]
[Site "Masdenverge ESP"]
[Date "2017.06.30"]
[Round "2.5"]
[White "Jordan Martinez, David"]
[Black "Farinas Argudo, Adrian"]
[Result "1-0"]
[WhiteElo "2096"]
[BlackElo "1779"]
[PlyCount "89"]
[EventDate "2017.06.30"]
[EventType "swiss"]
[EventRounds "7"]
[EventCountry "ESP"]
[SourceTitle "Ajedrez en Madrid"]
[Source "lmi"]
[SourceDate "2017.06.30"]
[SourceVersion "1"]
[SourceVersionDate "2018.04.15"]
[SourceQuality "1"]

1. e4 e5 2. Nf3 Nc6 3. Bc4 Bc5 4. c3 Nf6 5. d4 exd4 6. O-O d6 7. cxd4 Bb6 8.
Nc3 O-O 9. h3 Nxe4 10. Nxe4 d5 11. Bd3 dxe4 12. Bxe4 Nxd4 13. Nxd4 Qxd4 14. Qf3
c6 15. Rd1 Qe5 16. Bd2 Bd4 17. Bf4 Qf6 18. Qg3 Re8 19. Bxh7+ Kxh7 20. Qd3+ Bf5
21. Qxd4 Qxd4 22. Rxd4 Re2 23. Bd2 Rae8 24. Rc1 R8e6 25. Kf1 R2e5 26. Be3 Ra5
27. a3 f6 28. Rcd1 Re7 29. Rd8 Be6 30. R1d2 a6 31. Kg1 Re5 32. Kh2 Bd5 33. g4
g5 34. Rd6 Kg7 35. Kg3 Re4 36. Bd4 Be6 37. Bc3 Kg6 38. f3 Re1 39. Kf2 Rh1 40.
Kg2 Re1 41. Rf2 Re3 42. Kg3 f5 43. gxf5+ Kxf5 44. Rfd2 Bd5 45. Rf6# 1-0

[Event "6. Obert Internacional Masdenverge 2017"]
[Site "Masdenverge ESP"]
[Date "2017.06.30"]
[Round "2.6"]
[White "Fosch Ferre, Arnau"]
[Black "Buch Prades, Joan"]
[Result "0-1"]
[WhiteElo "1698"]
[BlackElo "2077"]
[PlyCount "78"]
[EventDate "2017.06.30"]
[EventType "swiss"]
[EventRounds "7"]
[EventCountry "ESP"]
[SourceTitle "Ajedrez en Madrid"]
[Source "lmi"]
[SourceDate "2017.06.30"]
[SourceVersion "1"]
[SourceVersionDate "2018.04.15"]
[SourceQuality "1"]

1. d4 Nf6 2. Bf4 d6 3. Nc3 g6 4. e4 Bg7 5. Qd2 Nbd7 6. f3 c5 7. dxc5 Nxc5 8.
Bh6 Bxh6 9. Qxh6 Qb6 10. O-O-O Be6 11. Bb5+ Ncd7 12. Nge2 a6 13. Ba4 O-O-O 14.
Nd4 Nc5 15. Rhe1 Nxa4 16. Nxa4 Qa5 17. Nxe6 fxe6 18. Nc3 Nd7 19. Qg7 Qg5+ 20.
Kb1 Ne5 21. f4 Qxf4 22. Qxe7 Qf7 23. Qg5 Qc7 24. Rd4 Kb8 25. Red1 Rd7 26. Qf6
Re8 27. Qg5 Rc8 28. Qf6 Nc4 29. R4d3 Qb6 30. Ne2 e5 31. Rb3 Qc6 32. Nc3 Ne3 33.
Rd2 Qc4 34. Qf2 Rf7 35. Qxe3 Rf1+ 36. Nd1 Rxd1+ 37. Rxd1 Qxc2+ 38. Ka1 Qxd1+
39. Qc1 Qxc1# 0-1

[Event "6. Obert Internacional Masdenverge 2017"]
[Site "Masdenverge ESP"]
[Date "2017.06.30"]
[Round "2.7"]
[White "Lorca Cortada, David"]
[Black "Carrete Recasens, Jordi"]
[Result "1-0"]
[WhiteElo "2056"]
[BlackElo "1766"]
[PlyCount "81"]
[EventDate "2017.06.30"]
[EventType "swiss"]
[EventRounds "7"]
[EventCountry "ESP"]
[SourceTitle "Ajedrez en Madrid"]
[Source "lmi"]
[SourceDate "2017.06.30"]
[SourceVersion "1"]
[SourceVersionDate "2018.04.15"]
[SourceQuality "1"]

1. d4 Nf6 2. Nf3 e6 3. c4 d5 4. g3 dxc4 5. Bg2 Nbd7 6. O-O Nb6 7. Qc2 Bd7 8.
Ne5 c6 9. Nd2 Bd6 10. Ndxc4 Nxc4 11. Nxc4 Be7 12. Bf4 O-O 13. Qb3 Bc8 14. Rfd1
Nd5 15. Bd2 Nb6 16. Ba5 Bf6 17. Rac1 Qe8 18. Nxb6 axb6 19. Bxb6 Bd8 20. Bc5 Be7
21. e4 Bxc5 22. Rxc5 Qd8 23. a3 Ra5 24. Qc3 Rxc5 25. Qxc5 Qc7 26. b4 Rd8 27.
Bf3 Qd6 28. Kg2 Qxc5 29. dxc5 Rxd1 30. Bxd1 Kf8 31. e5 Ke7 32. f4 Kd7 33. Kf3
Kc7 34. Ke4 b6 35. Kd4 Ba6 36. a4 h6 37. Bb3 g6 38. cxb6+ Kxb6 39. a5+ Kc7 40.
Kc5 Bf1 41. Ba4 1-0

[Event "6. Obert Internacional Masdenverge 2017"]
[Site "Masdenverge ESP"]
[Date "2017.06.30"]
[Round "2.8"]
[White "Onate Mesa, Carles"]
[Black "Molano Lafuente, Ismael"]
[Result "0-1"]
[WhiteElo "1687"]
[BlackElo "2005"]
[PlyCount "64"]
[EventDate "2017.06.30"]
[EventType "swiss"]
[EventRounds "7"]
[EventCountry "ESP"]
[SourceTitle "Ajedrez en Madrid"]
[Source "lmi"]
[SourceDate "2017.06.30"]
[SourceVersion "1"]
[SourceVersionDate "2018.04.15"]
[SourceQuality "1"]

1. b3 e6 2. e3 f5 3. Bb2 Nf6 4. Nc3 d5 5. Nf3 c6 6. Be2 Bd6 7. h3 O-O 8. a3 e5
9. O-O Nbd7 10. b4 a6 11. Na4 e4 12. Nd4 Ne5 13. Nb3 Nfd7 14. Nac5 Qh4 15. Nd4
Nxc5 16. bxc5 Bc7 17. f4 exf3 18. Bxf3 f4 19. Qe1 Qg5 20. Kh1 Bd7 21. Qf2 Nc4
22. Bc1 fxe3 23. dxe3 Qe5 24. g3 Bxh3 25. Rb1 Bxf1 26. Qxf1 Qxg3 27. Qg2 Qe1+
28. Qg1 Qh4+ 29. Kg2 Qg3+ 30. Kf1 Rxf3+ 31. Nxf3 Qxf3+ 32. Qf2 Qd1+ 0-1

[Event "6. Obert Internacional Masdenverge 2017"]
[Site "Masdenverge ESP"]
[Date "2017.06.30"]
[Round "2.9"]
[White "Segura Romeu, Joaquim"]
[Black "Pla Andreu, Abraham"]
[Result "0-1"]
[WhiteElo "1643"]
[BlackElo "1983"]
[PlyCount "104"]
[EventDate "2017.06.30"]
[EventType "swiss"]
[EventRounds "7"]
[EventCountry "ESP"]
[SourceTitle "Ajedrez en Madrid"]
[Source "lmi"]
[SourceDate "2017.06.30"]
[SourceVersion "1"]
[SourceVersionDate "2018.04.15"]
[SourceQuality "1"]

1. d4 e6 2. c4 f5 3. Nc3 c6 4. e4 fxe4 5. Nxe4 Nf6 6. Bg5 Be7 7. Bxf6 Bxf6 8.
Nd6+ Ke7 9. Nxc8+ Qxc8 10. Nf3 d5 11. cxd5 exd5 12. Bd3 g6 13. O-O Kf7 14. Re1
Re8 15. Qd2 Kg7 16. Rxe8 Qxe8 17. Re1 Qf8 18. Ng5 Kg8 19. Ne6 Qf7 20. Ng5 Qd7
21. Re2 Na6 22. Bxa6 bxa6 23. Ne6 Re8 24. Nc5 Rxe2 25. Qxe2 Qc8 26. Qe3 Kg7 27.
g3 a5 28. Kg2 h6 29. a3 g5 30. h3 Kf7 31. Qd3 Kg7 32. Qe3 Kg6 33. Qd3+ Qf5 34.
Qd2 h5 35. b3 g4 36. hxg4 hxg4 37. Qd1 Bg7 38. a4 Bf6 39. Qe2 Bxd4 40. Qe8+ Qf7
41. Qxc6+ Kh7 42. Qd7 Qxd7 43. Nxd7 Bc3 44. Kf1 Kg6 45. Nc5 Kf5 46. Ke2 Bb4 47.
Nd7 Ke6 48. Nb8 Kd6 49. Na6 Ba3 50. Kd3 Kc6 51. Kd4 Bd6 52. Ke3 Kb6 0-1

[Event "6. Obert Internacional Masdenverge 2017"]
[Site "Masdenverge ESP"]
[Date "2017.06.30"]
[Round "2.10"]
[White "Ramos Lor, Jose"]
[Black "Moya Gimeno, Raul"]
[Result "1-0"]
[WhiteElo "1967"]
[BlackElo "1705"]
[PlyCount "117"]
[EventDate "2017.06.30"]
[EventType "swiss"]
[EventRounds "7"]
[EventCountry "ESP"]
[SourceTitle "Ajedrez en Madrid"]
[Source "lmi"]
[SourceDate "2017.06.30"]
[SourceVersion "1"]
[SourceVersionDate "2018.04.15"]
[SourceQuality "1"]

1. e4 c5 2. Nf3 Nc6 3. c4 g6 4. d4 cxd4 5. Nxd4 Bg7 6. Be3 Qc7 7. Nc3 Nf6 8.
Be2 a6 9. Qd2 O-O 10. O-O Rd8 11. Rac1 e6 12. Rfd1 d5 13. Nxc6 bxc6 14. cxd5
exd5 15. Nxd5 Nxd5 16. exd5 Qe5 17. Rxc6 Bb7 18. Rc5 Rac8 19. Rxc8 Bxc8 20. b3
Qd6 21. Bc4 Be5 22. h3 Bf5 23. Bd4 Bf4 24. Qc3 Re8 25. Re1 Re4 26. Rxe4 Bxe4
27. Bh8 Bh6 28. Qe5 Qa3 29. Qb2 Qb4 30. Bc3 Qd6 31. Qe2 f5 32. Bxa6 Bxd5 33.
Bc4 Qc6 34. Bxd5+ Qxd5 35. Qc4 Qxc4 36. bxc4 Bf8 37. Kf1 Kf7 38. Ke2 Ke6 39.
Bd4 Ba3 40. Kd3 Kd6 41. Kc3 Kc6 42. Kb3 Bd6 43. a4 h5 44. a5 g5 45. a6 g4 46.
a7 Kb7 47. Ka4 Bc7 48. Kb5 h4 49. Bf6 Kxa7 50. Bxh4 gxh3 51. gxh3 Kb7 52. Kc5
f4 53. Kd5 Kb6 54. Bf6 f3 55. Bd4+ Ka5 56. Ke4 Kb4 57. c5 Kc4 58. h4 Bd8 59. h5
1-0

[Event "6. Obert Internacional Masdenverge 2017"]
[Site "Masdenverge ESP"]
[Date "2017.07.01"]
[Round "3.1"]
[White "Jordan Martinez, Miguel"]
[Black "Ramos Lor, Jose"]
[Result "1-0"]
[WhiteElo "2161"]
[BlackElo "1967"]
[PlyCount "45"]
[EventDate "2017.06.30"]
[EventType "swiss"]
[EventRounds "7"]
[EventCountry "ESP"]
[SourceTitle "Ajedrez en Madrid"]
[Source "lmi"]
[SourceDate "2017.06.30"]
[SourceVersion "1"]
[SourceVersionDate "2018.04.15"]
[SourceQuality "1"]

1. e4 e5 2. Nf3 Nc6 3. Bc4 Bc5 4. c3 Nf6 5. d4 exd4 6. O-O Nxe4 7. cxd4 d5 8.
dxc5 dxc4 9. Qe2 Qd3 10. Re1 f5 11. Nc3 O-O 12. Nxe4 fxe4 13. Qxe4 Bf5 14. Qh4
Rae8 15. Bf4 Re2 16. Bxc7 Rfe8 17. Red1 Qe4 18. Qg3 Nd4 19. h3 Nxf3+ 20. gxf3
Qc2 21. Rac1 Qxb2 22. Ba5 R2e6 23. Bc3 1-0